Statistics for Greetings by Language - Click Quiz

Click here to take the quiz!

General Stats

  • This quiz has been taken 4,501 times
    (1,283 since last reset)
  • The average score is 16 of 22

Answer Stats

HintAnswer% Correct
Hello, how are you doing?English
100%
Bonjour, comment allez-vous ?French
100%
Guten Tag, wie geht es Ihnen?German
97%
Hola, ¿cómo está?Spanish
94%
Aloha. Pehea ʻoe?Hawaiian
92%
Buongiorno, come stai ?Italian
92%
Kon'nichiwa. Genkidesu ka?Japanese
89%
Goedendag, hoe gaat het met u?Dutch
86%
Bom Dia como você está ?Portuguese
81%
Namaste, aap kaise hain?Hindi
79%
Nǐ hǎo ma?Mandarin
74%
Moikka. Mitä kuuluu?Finnish
66%
Bună ziua, ce mai faceţi?Romanian
66%
Zdravstvuyte, kak dela?Russian
66%
Halló Hvernig hefurðu það?Icelandic
64%
Hujambo. Habari gani?Swahili
64%
Merhaba. Nasılsınız?Turkish
63%
Helo sut wyt ti?Welsh
61%
Annyonghaseyo. Jal jinaego issnayo?Korean
59%
Selamat Pagi Apa khabar?Malay
55%
Marhaba. Kayfa haluka?Arabic
53%
Chaírete. Pós eísai?Greek
48%

Score Distribution

Percentile by Number Answered

Percent of People with Each Score

Your Score History

You have not taken this quiz since the last reset